000 00717nam a2200229 4500
003 OSt
005 20240611021046.0
006 a
008 240611b |||||||| |||| 00| 0 eng d
020 _a9781121488090
040 _aDWCL-Main lib.
_cOC
082 _aCirc. 338.880 H645i 2012
100 _aHill, Charles W L
245 _aInternational business : an Asian perspective /
260 _aS.l. :
_bMcGraw-Hill Co.,
_cc2012.
300 _aiii,
_b417 p. ;
_c22 cm.
504 _aIncludes bibliographical references.
650 _a1. International business enterprises–Management.
650 _a2. International business enterprises–Asia.
700 _aCharles W L Hill
942 _2ddc
_n0
_cBK-CIRC
_kCirc.
999 _c507
_d507